000 004380000a22001810004500
003 MACL
005 20160107165655.0
008 160107b xxu||||| |||| 00| 0 eng d
040 _aMACL
_cMACL
041 _aEnglish
082 _a824/MUK
100 _aMukerji, A C
_923928
245 _aSelf Thought and Reality
260 _bThe Indian Press
_c1957
_aAllahabad
350 _a10
650 _aEssays
_929389
942 _cBK
_k824/MUK
_2ddc
999 _c34776
_d34776